| 000 | 00416nam a2200181Ia 4500 | ||
|---|---|---|---|
| 001 | 1592 | ||
| 005 | 20260306143739.0 | ||
| 008 | 260306t1979||||xx |||||||||||||| ||spa|| | ||
| 041 | _aESP | ||
| 082 |
_a153 _bG29 |
||
| 100 |
_aGauquelin, Françoise _eAUT |
||
| 245 | 0 | _aSaber comunicarse | |
| 260 | _c1979 | ||
| 300 |
_a245 páginas : _c22 x 17 cm. |
||
| 650 | _aGEN | ||
| 654 | _aCPS | ||
| 942 |
_cLIB _dJUS _fJUS _2ddc _n |
||
| 999 |
_c1592 _d1592 |
||